Ang mga kaibigan ni Mama Susan. / (Record no. 22215)
[ view plain ]
| 000 -LEADER | |
|---|---|
| fixed length control field | 00385nam a2200145 a 4500 |
| 005 - DATE AND TIME OF LATEST TRANSACTION | |
| control field | 20140310183355.0 |
| 008 - FIXED-LENGTH DATA ELEMENTS--GENERAL INFORMATION | |
| fixed length control field | 120918s19uu xx 00 eng d |
| 020 ## - INTERNATIONAL STANDARD BOOK NUMBER | |
| International Standard Book Number | 9710545035 |
| 100 ## - MAIN ENTRY--PERSONAL NAME | |
| Personal name | Ong, Bob |
| 245 ## - TITLE STATEMENT | |
| Title | Ang mga kaibigan ni Mama Susan. / |
| Statement of responsibility, etc | Bob Ong. |
| 260 ## - PUBLICATION, DISTRIBUTION, ETC. (IMPRINT) | |
| Place of publication, distribution, etc | Pasay City Philippines : |
| Name of publisher, distributor, etc | Visprint, |
| Date of publication, distribution, etc | 2010. |
| 300 ## - PHYSICAL DESCRIPTION | |
| Extent | 127 p. |
| 500 ## - GENERAL NOTE | |
| General note | Novel. In Tagalog. |
| 942 ## - ADDED ENTRY ELEMENTS (KOHA) | |
| Koha item type | Books |
| Withdrawn status | Lost status | Source of classification or shelving scheme | Damaged status | Home library | Current library | Shelving location | Date acquired | Source of acquisition | Total Checkouts | Total Renewals | Full call number | Barcode | Date last seen | Date checked out | Price effective from | Koha item type |
|---|---|---|---|---|---|---|---|---|---|---|---|---|---|---|---|---|
| Library of Congress Classification | College Library | College Library | Fiction Section | 09/18/2012 | Donation | 3 | 4 | FIC On58 2010 | C15918 | 03/18/2019 | 03/13/2019 | 10/10/2013 | Books |